000 00535nam a2200181Ia 4500
005 20250508160231.0
008 008 250505s9999 xx 000 0 eng d
037 _aTextual
040 _aFEDL
_beng
_cFEDL
041 _aeng
_2eng
084 _a370.78, DAN
_qFEDL
245 0 _aReport from the Danish institute for educational research
260 _aDenmark
_bThe Danish Institute for Educational Research
_c1970
300 _a24p
650 _aEducation
942 _cTEXL
_h370.78, DAN
999 _c1362890
_d1362890